Exchange Control Act, 1953 (Act 17) : (Record no. 4529)

000 -LEADER
fixed length control field nam a22 a 4500
003 - CONTROL NUMBER IDENTIFIER
control field AKMAL
005 - DATE AND TIME OF LATEST TRANSACTION
control field 20170531094529.0
008 - FIXED-LENGTH DATA ELEMENTS--GENERAL INFORMATION
fixed length control field 1 s1997 my 00 eng d
020 ## - INTERNATIONAL STANDARD BOOK NUMBER
International Standard Book Number 9678904101 (pbk.):
Terms of availability Rgt. 7.50
040 ## - CATALOGING SOURCE
Transcribing agency AKMAL
082 04 - DEWEY DECIMAL CLASSIFICATION NUMBER
Classification number 343.59508 EXC
090 ## - LOCALLY ASSIGNED LC-TYPE CALL NUMBER (OCLC); LOCAL CALL NUMBER (RLIN)
Classification number (OCLC) (R) ; Classification number, CALL (RLIN) (NR) 346.59508
Local cutter number (OCLC) ; Book number/undivided call number, CALL (RLIN) EXC
110 2# - MAIN ENTRY--CORPORATE NAME
Corporate name or jurisdiction name as entry element Malaysia
9 (RLIN) 400
240 10 - UNIFORM TITLE
Uniform title Akta Kawalan Pertukaran Wang, 1953.
Language of a work English
245 1# - TITLE STATEMENT
Title Exchange Control Act, 1953 (Act 17) :
Remainder of title as at 31st May 1997 /
Statement of responsibility, etc. compiled by Legal Research Board
260 ## - PUBLICATION, DISTRIBUTION, ETC.
Place of publication, distribution, etc. Kuala Lumpur :
Name of publisher, distributor, etc. International Law Book Services,
Date of publication, distribution, etc. 1997
300 ## - PHYSICAL DESCRIPTION
Extent iii, 50p. ;
Dimensions 24cm
521 ## - TARGET AUDIENCE NOTE
Target audience note Intended audience: Adult
650 ## - SUBJECT ADDED ENTRY--TOPICAL TERM
Topical term or geographic name entry element Foreign exchange
General subdivision Law and legislation
Geographic subdivision Malaysia
9 (RLIN) 8755
650 ## - SUBJECT ADDED ENTRY--TOPICAL TERM
Topical term or geographic name entry element Stock-exchange
General subdivision Law and legislation
Geographic subdivision Malaysia
9 (RLIN) 8756
942 ## - ADDED ENTRY ELEMENTS (KOHA)
Source of classification or shelving scheme
Koha item type Book
Holdings
Withdrawn status Lost status Source of classification or shelving scheme Damaged status Not for loan Collection code Home library Current library Shelving location Date acquired Inventory number Total Checkouts Full call number Barcode Date last seen Price effective from Koha item type
          NON-FICTION AKMAL Melaka AKMAL Melaka PINJAMAN 31.05.2017 002921   343.59508 EXC 201707164 31.05.2017 31.05.2017 Book
Pusat Sumber Maklumat Dato' Haji Sarmin Md Hussin, Akademi Kastam Diraja Malaysia, Melaka
Tel: 06-2331106 | Faks: 06-2313787